Score 0/28 Timer 10:00
4 Plays Today
% Correct
Christopher Nolan
86.9%
Tim Burton
83.4%
Clint Eastwood
82.1%
James Cameron
81.9%
Quentin Tarantino
77.8%
Stanley Kubrick
77.1%
Alfred Hitchcock
74.6%
Michael Bay
73.6%
Wes Anderson
72.8%
Ridley Scott
70.1%
Martin Scorsese
66.1%
Mel Brooks
65.3%
Jon Favreau
63.8%
The Coen Brothers
62.5%
% Correct
M. Night Shyamalan
61.4%
Steven Spielberg
59.5%
David Fincher
58.9%
Robert Zemeckis
58.4%
Edgar Wright
58.1%
Guillermo del Toro
56.8%
Wes Craven
56.8%
Oliver Stone
56.1%
John Hughes
54.7%
Brad Bird
50.8%
Ron Howard
49.5%
Danny Boyle
49.2%
Guy Ritchie
46.8%
Adam McKay
40.4%
Remove Ads.
Support Sporcle.
Get the best of Sporcle when you Go Orange. This ad-free experience offers more features, more stats, and more fun while also helping to support Sporcle. Thank you for becoming a member.

You're not logged in!

Compare scores with friends on all Sporcle quizzes.
OR
Log In

Show Comments

Extras

Top Quizzes Today


Score Distribution

Your Account Isn't Verified!

In order to create a playlist on Sporcle, you need to verify the email address you used during registration. Go to your Sporcle Settings to finish the process.

Report this User

Report this user for behavior that violates our Community Guidelines.

Details: